01229nam a2200229Ia 4500001000600000003000900006008004100015040001300056040001300069041001300082100001900095100002900114245009900143245005100242250001100293260003700304260004900341300005800390500049500448650002500943650003100968E8678IT-RoPAU130308s9999 xx 000 0 und d aIT-RoPAU cIT-RoPAU aITALIANO aMarletti Carlo gCodice Aut. SPICS: 4138 aInformazione locale e il mercato della comunicazione nella prospettiva degli anni novanta (L') b"Atti del Convegno ""Piccoli e Grandi Media""" a1a ed. bConsiglio Regionale Del Piemonte c1988 [1° Ed.:1988 - Ed.Ling.Originale:1988] a"25 p. (prefazione: no ; testo: 25 [pagine: 98-122])" aDallo Sviluppo della Televisione al mercato della Comunicazione. domanda di Comunicazione Mirata e nuove prospettive di Piccoli Mezzi. tra mercato e Istituzioni: Centralità€ dell'informazione locale rispetto Ai flussi di Comunicazione Sul Territorio. Stampa ed Editoria Periodica Locale. Radio e televisioni Locali. Comunicazione Istituzionale e Informazione di Servizio. Suquali Problemi intervenire e Quali politiche delle Regioni? Seguono Riferimenti Bibliografici e tavole Esplicative. aSAGGI SUI MASS MEDIA eCodice materia Spics: 6111